000 01375cam a22003734a 4500
001 1819
003 FISKH
005 20231004085223.0
008 000210s2000 nyua b b 001 0 eng
010 _a 00024580
020 _a0516230980 (lib. bdg.)
020 _a0516230239 (pbk.)
040 _aDLC
_cDLC
_dDLC
_beng
042 _apcc
_alcac
050 0 0 _aQL706.2
_b.F66 2000
082 0 0 _a599.147/2
_221
100 1 _aFoley, Cate.
245 1 0 _aFind the wild animal /
_cby Cate Foley.
260 _aNew York :
_bChildren's Press,
_c2000.
300 _a24 pages :
_bcolor illustrations ;
_c16 cm.
490 1 _aHide and seek
505 _aG
520 _aChallenges the reader to examine photographs and find the wild animals hiding in their surroundings, including monkeys, bears, and sloths.
521 8 _a400
_bLexile
521 8 _aG
_bRaz-Plus
650 0 _aMammals
_vJuvenile literature.
650 0 _aCamouflage (Biology)
_vJuvenile literature.
650 1 _aCamouflage (Biology)
650 1 _aPicture puzzles.
800 1 _aFoley, Cate.
_tHide and seek.
906 _a7
_bcbc
_corignew
_d1
_eocip
_f20
_gy-gencatlg
942 _2ddc
_cBK
_n0
999 _c1819
_d1819